History Quiz

Random History or Letter Quiz

'C' American History Figures Quiz Stats

 Plays Quiz Updated Jun 15, 2017

Support Sporcle.
Go Orange.
Score 0/20 Timer 04:00
1 Play Today
% Correct
Al Capone
93.5%
Dick Cheney
90.9%
Andrew Carnegie
89.1%
Walter Cronkite
87.7%
Hillary Clinton
87.2%
Grover Cleveland
85.8%
George Custer
85.7%
Cesar Chavez
83.6%
George Washington Carver
82.6%
Calvin Coolidge
82.1%
% Correct
Shirley Chisholm
76.2%
Michael Collins
67.9%
John Connally
65%
Leon Czolgosz
63.1%
Henry Clay
62.1%
John C. Calhoun
61.4%
Rachel Carson
59.8%
Charles Coughlin
44.6%
Salmon P. Chase
41.1%
Whittaker Chambers
36.7%

You're not logged in!

Compare scores with friends on all Sporcle quizzes.
OR
Log In
Forgot?

From the Vault

MLB 500+ at Bat, < 40 Strikeouts Since 1980

by starcivicrats

These guys just really want to get on base.
Remove Ads.
Support Sporcle.
Get the best of Sporcle when you Go Orange. This ad-free experience offers more features, more stats, and more fun while also helping to support Sporcle. Thank you for becoming a member.

Show Comments

Extras

Top Quizzes Today


Score Distribution

Your Account Isn't Verified!

In order to create a playlist on Sporcle, you need to verify the email address you used during registration. Go to your Sporcle Settings to finish the process.

Report this User

Report this user for behavior that violates our Community Guidelines.

Details: